Adivinhe os países dos clubes - Statistics

Estatísticas Gerais
  • Esse quiz foi jogado 166 vezes
  • A pontuação média é 6 de 15
Estatísticas das Respostas
Questão Resposta % Correto
Auckland city Nova Zelândia
76%
Qarabag Azerbaijão
57%
Pescara Itália
57%
Dynamo dresden Alemanha
43%
Apollon Limassol Chipre
38%
Randers FC Dinamarca
38%
Kups Finlândia
38%
Vikingur Islândia
38%
Valetta FC Malta
38%
Guairena Paraguai
33%
Alajuelense Costa Rica
29%
Dínamo Batumi Geórgia
24%
Drita FC Kosovo
19%
Deportivo Maldonado Uruguai
19%
Laci FC Albânia
14%
Nenhum quiz correspondente encontrado
Distribuição das Pontuações
Porcentagem de Pessoas com Cada Pontuação
Percentil de Números Respondidos
Sua Pontuação Histórica
Você não jogou esse quiz